00734nam a2200205Ia 4500003000900000008004100009040001600050080002600066100001800092245013700110260003500247300001500282490005900297500005200356650002500408650002700433650002000460700002300480700002500503IN-BaIIA211028s9999 xx 000 0 eng d cIIA Library a621.396.67:52-77bKUZ aKuz'min, A. D 0aRadio astronomical methods of antenna measurementscA. D. Kuz'min and A. E. Salomonovich; translated from Russian by K. N. Trirogoff aNew YorkbAcademic Pressc1966 axvi, 182p. aElectrical Science - a series of monographs and texts. aIn India distrubuted by K Krishnamurthy, Madras aAntenna Measurements aMeasurement Techniques aRadio Astronomy aSalomonovoch, A. E aTrirogoff, K. N, tr.